Linear multivariable control theory (Record no. 12414)

000 -LEADER
fixed length control field 00538nam a22002057a 4500
001 - CONTROL NUMBER
control field 12414
003 - CONTROL NUMBER IDENTIFIER
control field BD-DhUET
008 - FIXED-LENGTH DATA ELEMENTS--GENERAL INFORMATION
fixed length control field 150225s1981 ii a|||| |||| 001 0 eng d
020 ## - INTERNATIONAL STANDARD BOOK NUMBER
International Standard Book Number 0074515128
040 ## - CATALOGING SOURCE
Transcribing agency 0
Modifying agency BD-DhUET
082 ## - DEWEY DECIMAL CLASSIFICATION NUMBER
Classification number 629.432
Item number APT/1981
100 ## - MAIN ENTRY--PERSONAL NAME
Personal name Apte Y. S.
245 ## - TITLE STATEMENT
Title Linear multivariable control theory
250 ## - EDITION STATEMENT
Edition statement 1st ed.
260 ## - PUBLICATION, DISTRIBUTION, ETC. (IMPRINT)
Place of publication, distribution, etc. New Delhi
Name of publisher, distributor, etc. Tata McGraw-Hill
Date of publication, distribution, etc. 1981
300 ## - PHYSICAL DESCRIPTION
Extent xii, 164 p.
Other physical details ill.
Dimensions 25 cm.
504 ## - BIBLIOGRAPHY, ETC. NOTE
Bibliography, etc Includes bibliographies
650 #0 - SUBJECT ADDED ENTRY--TOPICAL TERM
Topical term or geographic name as entry element Multivariable control theory
942 ## - ADDED ENTRY ELEMENTS (KOHA)
Koha item type General Book
Holdings
Location (home branch) Koha date last seen Koha normalized classification for sorting Lost status Price effective from Koha full call number Shelving location Sublocation or collection (holding branch) Copy number Koha item type Not for loan Damaged status Piece designation (barcode) Source of classification or shelving scheme Date acquired Withdrawn status
Central Library, BUET2015-02-25629_432000000000000_APT_1981 2015-02-25629.432/APT/1981Circulation sectionCentral Library, BUET1General Book  58424 2015-02-25 
Central Library, BUET2015-02-25629_432000000000000_APT_1981 2015-02-25629.432/APT/1981Cataloging sectionCentral Library, BUET2General Book  58428 2015-02-25 
Central Library, BUET2015-02-25629_432000000000000_APT_1981 2015-02-25629.432/APT/1981Circulation sectionCentral Library, BUET3General Book  58427 2015-02-25 
Central Library, BUET2015-02-25629_432000000000000_APT_1981 2015-02-25629.432/APT/1981Circulation sectionCentral Library, BUET4General Book  58426 2015-02-25 
Central Library, BUET2015-02-25629_432000000000000_APT_1981 2015-02-25629.432/APT/1981Circulation sectionCentral Library, BUET5General Book  58425 2015-02-25 
Central Library, BUET2015-02-25629_432000000000000_APT_1981 2015-02-25629.432/APT/1981Circulation sectionCentral Library, BUET6General Book  58422 2015-02-25 
Central Library, BUET2015-02-25629_432000000000000_APT_1981 2015-02-25629.432/APT/1981Circulation sectionCentral Library, BUET7General Book  58423 2015-02-25 
Central Library, BUET2015-05-07629_432000000000000_APT_1981 2015-05-07629.432/APT/1981Circulation sectionCentral Library, BUET8General Book   58420 2015-05-07